<?xml version="1.0" encoding="UTF-8"?>
<record
    xmlns:xsi="http://www.w3.org/2001/XMLSchema-instance"
    xsi:schemaLocation="http://www.loc.gov/MARC21/slim http://www.loc.gov/standards/marcxml/schema/MARC21slim.xsd"
    xmlns="http://www.loc.gov/MARC21/slim">

  <leader>02960cam a2200265Ii 4500</leader>
  <datafield tag="999" ind1=" " ind2=" ">
    <subfield code="c">27219</subfield>
    <subfield code="d">27219</subfield>
  </datafield>
  <controlfield tag="006">a|||||r|||| 00| 0 </controlfield>
  <controlfield tag="007">ta</controlfield>
  <controlfield tag="008">180706s2017    enkab   ob    001 0 eng d</controlfield>
  <datafield tag="020" ind1=" " ind2=" ">
    <subfield code="a">9781315276823</subfield>
    <subfield code="q">(e-book : PDF)</subfield>
  </datafield>
  <datafield tag="020" ind1=" " ind2=" ">
    <subfield code="a">9781351997508</subfield>
    <subfield code="q">(e-book: Mobi)</subfield>
  </datafield>
  <datafield tag="020" ind1=" " ind2=" ">
    <subfield code="q">(hardback)</subfield>
  </datafield>
  <datafield tag="082" ind1="0" ind2="4">
    <subfield code="a">387.009362</subfield>
    <subfield code="b">I343</subfield>
  </datafield>
  <datafield tag="245" ind1="0" ind2="0">
    <subfield code="a">Imperial Rome, Indian Ocean Regions and Muziris :</subfield>
    <subfield code="b">new perspectives on maritime trade /</subfield>
  </datafield>
  <datafield tag="260" ind1=" " ind2=" ">
    <subfield code="a">London </subfield>
    <subfield code="b">Taylor &amp; Francis Group</subfield>
    <subfield code="c">2016</subfield>
  </datafield>
  <datafield tag="300" ind1=" " ind2=" ">
    <subfield code="a">1 online resource (472 pages)</subfield>
  </datafield>
  <datafield tag="505" ind1="0" ind2=" ">
    <subfield code="a">1. Introduction / K.S. Mathew -- 2. Reconstructing networks of trade and exchange in the Indian Ocean during the early historic period : case studies from Anuradhapura (Sri Lanka) / Robin Coningham, Mark Manuel and Jo Shoebridge -- 3. Local networks and long-distance trade : the role of the exchanges between Sri Lanka and India during the Mediterranean trade / Ariane de Saxce -- 4. From the Mediterranean to South Asia : the odyssey of an Indiana merchant in Roman times / Steven E. Sidebotham -- 5. Wars, trade and treaties : new, revised and neglected sources for the political, diplomatic, and military aspectss of Imperial Rome's relations with the Red Sea Basin and India, from Augustus to Diocletian / Michael A. Speidel -- 6. Roman ports on the Red Sea and their contacts with Africa, Arabia and South Asia : Acient literary and recent archaeological evidence / Steven E. Sidebotham -- 7. The port of Sumhuram (Khor Rori) : new data on its history / Alessandra Avanzini -- 8. South Arabian pottery outside South Arabia / Vittoria Buffa -- 9. Maritime trade contacts of Odisha, East Coast of India, with the Roman world : an appraisal / Sila Tripati, Sunil Kumar Patnaik and Gopal Charan Pradhan -- 10. Assessing the early historic Indian Ocean trade through ceramics / K. Krishnan and R. Ballavally -- 11. Ancient ports of Kerala : an overview / V. Selvakumar -- 12. International maritime trade : evidences from Vizhinjam excavations, South Kerala / Ajit Kumar. [et al.] -- 13. Examining the Hinterland and Foreland of the Port of Muziris in the wider perspective of the subcontinent's long-distance networks / Ranabir Chakravarti -- 14. Muziris and the trajectories of maritime trade in the Indian Ocean in the first millennium CE / Pius Malekandathil -- 15. A Muziris export : Schidai or ivory trimmings / Federico de Romanis -- 16. The Roman pottery from Pattanam / Roberta Tomber -- 17. Money matters : indigenous and foreign coins in the Malabar Coast (second century BCE-second century CE) / Susmita Basu Majumdar.</subfield>
  </datafield>
  <datafield tag="650" ind1=" " ind2="0">
    <subfield code="a">Shipping</subfield>
    <subfield code="z">Rome</subfield>
    <subfield code="x">History.</subfield>
  </datafield>
  <datafield tag="650" ind1=" " ind2="0">
    <subfield code="a">Shipping</subfield>
    <subfield code="z">Indian Ocean Region</subfield>
    <subfield code="x">History.</subfield>
  </datafield>
  <datafield tag="651" ind1=" " ind2="0">
    <subfield code="a">Indian Ocean Region</subfield>
    <subfield code="x">Commerce</subfield>
    <subfield code="x">History.</subfield>
  </datafield>
  <datafield tag="651" ind1=" " ind2="0">
    <subfield code="a">Rome</subfield>
    <subfield code="x">Commerce</subfield>
    <subfield code="x">History.</subfield>
  </datafield>
  <datafield tag="700" ind1="1" ind2=" ">
    <subfield code="a">Mathew, K. S.</subfield>
  </datafield>
  <datafield tag="776" ind1="0" ind2="8">
    <subfield code="i">Print version: </subfield>
    <subfield code="z">9781138234802</subfield>
  </datafield>
  <datafield tag="856" ind1="4" ind2="0">
    <subfield code="u">https://www.taylorfrancis.com/books/9781315276823</subfield>
    <subfield code="z">Click here to view.</subfield>
  </datafield>
  <datafield tag="942" ind1=" " ind2=" ">
    <subfield code="c">EBK</subfield>
  </datafield>
</record>
